00780nam a2200169 a 450000100100000000500170001000800410002704000250006808200150009310000290010824501260013726000630026330000350032695201130036195201190047499900170059300002885320200930055158.0110412s2006 dr ac 000 0 spa d aDO-SdBNPbspacBNPHU axxxxbM8431 aMoreno, Guillermo93110810aLlamado de Guillermo Moreno y grupo de ciudadanos y ciudadanas :bpongamos la Nación en movimiento /cGuillermo Moreno. aSanto Domingo :bVoluntariado Político Ciudadano,c2006. a26 p. :bil., retrs. ;c19 cm. 0010718PDaPDbPDcHDd2011-04-12iLF1l0oxxxx M843p28853-10r2020-06-25w2020-06-25yLFPDZNo se presta 0010718PDaPDbPDcCTd2011-11-21iLF1l0oxxxx M843p28853-20r2020-06-25te. 2w2020-06-25yLFPDZNo se presta c28345d28345